The Stabilizing Effect of the ERMon Exchange Rates and Interest Rates : An Empirical Investigation /

This paper applies nonparametric test procedures to test for a shift in the volatility of nominal and real exchange rates for ERM members and nonmembers. The results imply a reduction in volatility for the ERM members, especially during the second half of the period of operation of the ERM. We also...

Popoln opis

Bibliografske podrobnosti
Glavni avtor: Artis, Michael
Drugi avtorji: Taylor, Mark
Format: Revija
Jezik:English
Izdano: Washington, D.C. : International Monetary Fund, 1993.
Serija:IMF Working Papers; Working Paper ; No. 1993/067
Online dostop:Full text available on IMF
LEADER 01628cas a2200253 a 4500
001 AALejournalIMF008682
008 230101c9999 xx r poo 0 0eng d
020 |c 5.00 USD 
020 |z 9781451848854 
022 |a 1018-5941 
040 |a BD-DhAAL  |c BD-DhAAL 
100 1 |a Artis, Michael. 
245 1 4 |a The Stabilizing Effect of the ERMon Exchange Rates and Interest Rates :   |b An Empirical Investigation /  |c Michael Artis, Mark Taylor. 
264 1 |a Washington, D.C. :  |b International Monetary Fund,  |c 1993. 
300 |a 1 online resource (30 pages) 
490 1 |a IMF Working Papers 
500 |a <strong>Off-Campus Access:</strong> No User ID or Password Required 
500 |a <strong>On-Campus Access:</strong> No User ID or Password Required 
506 |a Electronic access restricted to authorized BRAC University faculty, staff and students 
520 3 |a This paper applies nonparametric test procedures to test for a shift in the volatility of nominal and real exchange rates for ERM members and nonmembers. The results imply a reduction in volatility for the ERM members, especially during the second half of the period of operation of the ERM. We also demonstrate that this enhanced stability was not bought at the expense of increased interest rate volatility. The issue of interest rate volatility during sterling's participation in the ERM is also examined. 
538 |a Mode of access: Internet 
700 1 |a Taylor, Mark. 
830 0 |a IMF Working Papers; Working Paper ;  |v No. 1993/067 
856 4 0 |z Full text available on IMF  |u http://elibrary.imf.org/view/journals/001/1993/067/001.1993.issue-067-en.xml  |z IMF e-Library